| 000 | 00881cam a22002411 4500 | ||
|---|---|---|---|
| 001 | sa 68012412 | ||
| 003 | DLC | ||
| 005 | 20260227112610.0 | ||
| 008 | 840127s1967 io 000 0 ind | ||
| 010 | _asa 68012412 | ||
| 035 | _a(OCoLC)10347563 | ||
| 040 |
_aDLC _cCU _dOCoLC _dDLC |
||
| 043 | _aa-io--- | ||
| 050 | 0 | 0 |
_aJQ771 _b.N3 |
| 100 | 1 |
_aNasution, Abdul Haris, _d1918-2000. |
|
| 245 | 1 | 0 | _aPidato ketua Madjelis Permusjawaratan Rakjat Sementara A. H. Nasution pada penutupan sidang istimewa MPRS tanggal 12 Maret 1967. |
| 260 |
_a[Djakarta, _c1967] |
||
| 300 |
_a14 p. _c22 cm. |
||
| 490 | 1 |
_aPenerbitan MPRS tahun 1967, _vno. 3 |
|
| 500 | _aAt head of title: Madjelis Permusjawaratan Rakjat Sementara Republik Indonesia. | ||
| 651 | 0 |
_aIndonesia _xPolitics and government _y1966-1998. |
|
| 830 | 0 |
_aMadjelis Permusjawaratan Rakjat Sementara Penerbitan, 1967 ; _vno. 3. |
|
| 999 |
_c84516 _d84516 |
||